000 00418nam a2200181Ia 4500
005 20240823025647.0
008 240823s9999||||xx |||||||||||||| ||und||
041 _aENGLISH
082 _A005.133 N5
100 _a"Bayross,Ivan"
245 0 _aORACLE - 7
250 _a1st
260 _c1995
_b"BPB,New Delhi"
500 _aTransfered
650 _aOracle
_bComputer Applications
942 _cBK
999 _c186850
_d186850